The dismal Science: (Record no. 33884)

MARC details
000 -LEADER
fixed length control field 00838nam a22002297a 4500
005 - DATE AND TIME OF LATEST TRANSACTION
control field 20100211110654.0
008 - FIXED-LENGTH DATA ELEMENTS--GENERAL INFORMATION
fixed length control field 100211t xxu||||| |||| 00| 0 eng d
010 ## - LCCN (DPL NO)
LC control number ENG-95857
020 ## - INTERNATIONAL STANDARD BOOK NUMBER
International Standard Book Number 0198063350
Terms of availability 795.00
020 ## - INTERNATIONAL STANDARD BOOK NUMBER
International Standard Book Number 9780198063353
Terms of availability 795.00
035 ## - SYSTEM CONTROL NUMBER
System control number EN-79390
037 ## - SOURCE OF ACQUISITION
Stock number DBAD/PUB
040 ## - CATALOGING SOURCE
Original cataloging agency DPL
100 ## - MAIN ENTRY--PERSONAL NAME
Personal name Marglin Stephen A.
245 ## - TITLE STATEMENT
Title The dismal Science:
Remainder of title How thinking like an economist undermines community/
Statement of responsibility, etc by Stephen A. Marglin
260 ## - PUBLICATION, DISTRIBUTION, ETC. (IMPRINT)
Place of publication, distribution, etc New Delhi
Name of publisher, distributor, etc Oxford University Press
Date of publication, distribution, etc 2009
270 ## - ADDRESS
Address YMCA Library Building, Jai Singh Road
City New Delhi
Postal code 110001
300 ## - PHYSICAL DESCRIPTION
Extent xvi, 359p.
Dimensions 23 cm. (Hb)
650 ## - SUBJECT ADDED ENTRY--TOPICAL TERM
Topical term or geographic name as entry element Economic ideology
942 ## - ADDED ENTRY ELEMENTS (KOHA)
Source of classification or shelving scheme Dewey Decimal Classification
Item type English Books
Call number suffix MAR
Holdings
Withdrawn status Lost status Source of classification or shelving scheme Materials specified (bound volume or other part) Damaged status Not for loan Collection code Home library Current library Date acquired Source of acquisition Cost, normal purchase price Total Checkouts Full call number Barcode Date last seen Copy number Cost, replacement price Koha item type
    Dewey Decimal Classification Hb   Not For Loan Non-fiction D.B.Act.Division D.B.Act.Division 11/02/2010 DBAD/PUB 795.00   MAR EN-79390 11/02/2010 1 795.00 English Books

© Delhi Public Library
Hit Counter
free hit counter